Statistiques concernant 10 premiers pays en production de haschisch

Cliquez ici pour prendre le quiz!

Statistiques générales

  • Ce quiz a été pris 208 fois
  • Le résultat moyen est 5 sur 10

Statistiques - réponses

% de la production mondiale#Pays% Correct
11.382Maroc
82%
4.636Inde
75%
20.751Afghanistan
69%
6.023Pakistan
66%
4.328Espagne
55%
5.324Pays-Bas
54%
4.497Nepal
29%
3.6910Jamaique
26%
5.145Liban
23%
3.849Albanie
11%

Distribution des résultats

Percentile par nombre de réponses

% des personnes avec chaque résultat

Votre développement - résultats

Vous n’avez pas pris ce quiz